000 00251nam a22001097a 4500
082 _a621 BOL
100 _aBOLZ,ROGER W
_962265
245 _aPRODUCTION PROCESSES THE PRODUCTIVITY HANDBOOK
260 _aPDF
_bPDF
_c1974
300 _a952P
942 _cBK
999 _c581589
_d581589